Opium/00pium Discography - Statistics

General Stats
  • This quiz has been taken 85 times
    64 since last reset
  • The average score is 9 of 14
Answer Stats
Year Artist Album % Correct
2020 Playboi Carti Whole Lotta Red
93%
2025 Ken Carson More Chaos
91%
2025 Playboi Carti MUSIC
91%
2022 Ken Carson X
89%
2023 Ken Carson A Great Chaos
87%
2023 Destroy Lonely if looks could kill
74%
2022 Destroy Lonely NOSTYLIST
74%
2021 Ken Carson Project X
72%
2022 Homixide Gang Homixide Lifestyle
65%
2025 Homixide Gang Homixide Lifestyle 2
63%
2024 Destroy Lonely LOVE LASTS FOREVER
54%
2024 Homixide Gang I5u5we5
37%
2023 Homixide Gang Snot or Not
30%
2023 Homixide Gang 5TH AMNDMNT
22%
No matching quizzes found
Score Distribution
Percent of People with Each Score
Percentile by Number Answered
Your Score History
You have not taken this quiz since the last reset